Kapitoly z didaktiky literární výchovy ve 2.-5. ročníku základní školy /

Hlavní autor: Zítková, Jitka, 1971-
Korporativní autor: Masarykova univerzita. Pedagogická fakulta
Jazyk: Čeština
Vydáno: Brno : Masarykova univerzita, 2004
Vydání: 1. vyd.
Témata:
Externí odkaz: Digitalizovaný dokument
Fyzický popis: 56 s. ; 21 cm
Knihy
Uloženo v:
LEADER 02221nam a2200505 a 4500
001 000723989
003 CZ BrMZK
005 20230807110448.0
007 ta
008 040701s2004 xr e p 000 0 cze d
015 |a cnb001313855 
020 |a 80-210-3327-4  |q (brož.) 
035 |a (OCoLC)85104200 
040 |a BOA001  |b cze 
072 7 |a 82  |x Literatura. Literární život  |2 Konspekt  |9 11 
072 7 |a 37.016  |x Učební osnovy. Vyučovací předměty. Učebnice  |2 Konspekt  |9 22 
080 |a 37.016:82  |2 MRF 
080 |a 37.02  |2 MRF 
080 |a 371.3  |2 MRF 
080 |a 373.3  |2 MRF 
080 |a (075.8)  |2 MRF 
100 1 |a Zítková, Jitka,  |d 1971-  |7 mzk2004248667  |4 aut 
245 1 0 |a Kapitoly z didaktiky literární výchovy ve 2.-5. ročníku základní školy /  |c Jitka Zítková 
250 |a 1. vyd. 
260 |a Brno :  |b Masarykova univerzita,  |c 2004 
300 |a 56 s. ;  |c 21 cm 
500 |a Nad názvem: Masarykova univerzita v Brně. Pedagogická fakulta 
500 |a 300 výt. 
500 |a Dotisk v roce 2005 
500 |a Dostupné též v digitální podobě v aplikaci Kramerius 
504 |a Obsahuje bibliografii 
650 0 7 |a literární výchova  |7 ph117228  |2 czenas 
650 0 7 |a didaktika  |7 ph114316  |2 czenas 
650 0 7 |a studium a výuka  |7 ph136700  |2 czenas 
650 0 7 |a základní školy  |7 ph116795  |2 czenas 
655 7 |a učebnice vysokých škol  |7 fd133772  |2 czenas 
710 2 |a Masarykova univerzita.  |b Pedagogická fakulta  |7 kn20010709279 
856 4 1 |u http://www.digitalniknihovna.cz/mzk/uuid/uuid:d04981d0-65f5-11e6-86b1-005056827e51  |y Digitalizovaný dokument  |x NDK 
910 |a BOA001  |b 2-1138.011 
990 |a BK 
996 6 |b 2610223449  |c 2-1138.011  |l MZK  |r Sklad / do 1 hodiny  |n 10  |p p.v.  |w 000723989  |u 000010  |a 1  |e BOA001  |j MZK50  |s P 
996 7 |b 2610223450  |c 2-1138.011  |l MZK  |r Sklad / do 1 hodiny  |n 47  |p p.v.  |w 000723989  |u 000020  |a 1  |e BOA001  |j MZK50  |s A 
996 7 |b 2610225055  |c 2-1138.011  |l MZK  |r Sklad / do 1 hodiny  |n 25  |p kup  |w 000723989  |u 000030  |a 1  |e BOA001  |j MZK50  |s A 
996 7 |b 2610225056  |c 2-1138.011  |l MZK  |r Sklad / do 1 hodiny  |n 26  |p kup  |w 000723989  |u 000040  |a 1  |e BOA001  |j MZK50  |s A 
996 7 |b 2610570808  |c 2-1138.011  |l MZK  |r Sklad / do 1 hodiny  |n 2  |p dat  |w 000723989  |u 000050  |a 1  |e BOA001  |j MZK50  |s A